000 01312njm a22002537a 4500
005 20100910100738.0
007 sd ammalaaahaa
008 100910t xxu||||| |||| 00| 0 hin d
028 _a45-AE. 1505
_bAngel Record
035 _aGR-01976
040 _aSED/VEN
100 _aMohd. Rafi
_919310
245 _aKab ? kyoon? aur kahan? :
_cby Mohd. Rafi ; music by Kalyanji Anandji ; Aajaan
_h[sound recording] :
246 _aकब ? क्यूं और कहाँ ? (मोहमद रफ़ी )
260 _aDum Dum India
_bAngel Record
_c1970
300 _a1 sound disc [Gramophone record] :
_banalog, 45 1/3 rpm
_c7 in.
_fGramophone Record
500 _aBrief Record
505 _aDil to dil hai part 1 (Kab? kyoon? aur kahan) (Mohd. Rafi) दिल तो दिल है पार्ट १ (कब क्यूं और कहाँ ) (मोहमद रफ़ी ) Yeh ankhen jhuki jhuki si part 2 (Kab kyoon aur kahan) (Asha Bhosle &Usha khanna) यह ऑंखें झुकी झुकी सी पार्ट २ (कब क्यूं और कहाँ ) (आशा भोसले & उषा खन्ना )
650 _aClassical Music
_xExcerpts
_zIndia
_919311
700 _aKalyanji Anandji
_919312
700 _aAajaan
_919313
700 _919314
942 _2ddc
_cGR
999 _c45229
_d45229